[Event "Capablanca"]
[Site "Charlesbourg"]
[Date "2015.02.02"]
[Round "5"]
[White "Servant, Michel"]
[Black "Beauchesne, Jonathan"]
[Result "0-1"]
[WhiteElo "1659"]
[BlackElo "1724"]
[PlyCount "33"]
[EventDate "2015.01.05"]
[EventType "swiss"]
[EventRounds "5"]
[EventCountry "CAN"]
[SourceTitle "EXT 2019"]
[Source "ChessBase"]
[SourceDate "2018.10.10"]
[SourceVersion "1"]
[SourceVersionDate "2018.10.10"]
[SourceQuality "1"]

1. e4 c5 2. c3 Nc6 3. d4 cxd4 4. cxd4 e6 5. Nf3 a6 6. a3 d6 7. Bd3 Nf6 8. 0-0 Be7 9. Nc3 0-0 10. e5 dxe5 11. dxe5 Nd7 12. Qc2 g6 13. Bh6 Re8 14. Rfe1 Qc7 15. Ne4 Ndxe5 16. Nxe5 Nxe5 17. Qxc7 0-1

[Event "Charlesbourg Alekhine"]
[Site "Charlesbourg"]
[Date "2013.09.16"]
[Round "3"]
[White "Tremblay, Rejean"]
[Black "Servant, Michel"]
[Result "1-0"]
[WhiteElo "2114"]
[BlackElo "1659"]
[PlyCount "49"]
[EventDate "2013.09.02"]
[EventType "swiss"]
[EventRounds "5"]
[EventCountry "CAN"]
[SourceTitle "EXT 2022"]
[Source "ChessBase"]
[SourceDate "2021.10.06"]
[SourceVersion "1"]
[SourceVersionDate "2021.10.06"]
[SourceQuality "1"]

1. d4 Nf6 2. c4 g6 3. Nc3 Bg7 4. e4 d6 5. Be2 0-0 6. Nf3 Nbd7 7. 0-0 e5 8. Re1 exd4 9. Nxd4 Nc5 10. f3 Re8 11. Be3 Qe7 12. Qd2 c6 13. Bf1 Be6 14. Rad1 Red8 15. Bg5 a5 16. Nd5 Bxd5 17. exd5 Qd7 18. dxc6 bxc6 19. b3 Re8 20. Rxe8+ Nxe8 21. Be3 Nf6 22. Bf2 Ne6 23. Nxe6 Qxe6 24. Qxd6 Qxd6 25. Rxd6 1-0

[Event "Charlesbourg Festival 2"]
[Site "Charlesbourg"]
[Date "2007.08.06"]
[Round "3"]
[White "Lessard, Claude"]
[Black "Servant, Michel"]
[Result "1-0"]
[WhiteElo "2015"]
[BlackElo "1677"]
[PlyCount "39"]
[EventDate "2007.07.23"]
[EventType "swiss"]
[EventRounds "5"]
[EventCountry "CAN"]
[SourceTitle "EXT 2022"]
[Source "ChessBase"]
[SourceDate "2021.10.06"]
[SourceVersion "1"]
[SourceVersionDate "2021.10.06"]
[SourceQuality "1"]

1. d4 d5 2. c4 c6 3. Nf3 Nf6 4. e3 e6 5. Qc2 Nbd7 6. Nc3 dxc4 7. Bxc4 b5 8. Bd3 Bb7 9. 0-0 Rc8 10. Qe2 b4 11. Na4 Qa5 12. b3 Be7 13. e4 0-0 14. Bg5 c5 15. e5 Nd5 16. Qe4 f5 17. exf6 N7xf6 18. Bxf6 Rxf6 19. Qxh7+ Kf8 20. Qh8+ 1-0

[Event "Charlesbourg Khalif"]
[Site "Charlesbourg"]
[Date "2007.02.19"]
[Round "1"]
[White "Champetier, Serge"]
[Black "Servant, Michel"]
[Result "1-0"]
[WhiteElo "2096"]
[BlackElo "1669"]
[PlyCount "37"]
[EventDate "2007.02.19"]
[EventType "swiss"]
[EventRounds "5"]
[EventCountry "CAN"]
[SourceTitle "EXT 2022"]
[Source "ChessBase"]
[SourceDate "2021.10.06"]
[SourceVersion "1"]
[SourceVersionDate "2021.10.06"]
[SourceQuality "1"]

1. e4 c5 2. Nc3 e6 3. f4 Nc6 4. Nf3 a6 5. a4 Qc7 6. Bc4 d6 7. 0-0 Nf6 8. d3 Be7 9. Qe1 Bd7 10. e5 dxe5 11. fxe5 Ng4 12. Qg3 Ncxe5 13. Nxe5 Nxe5 14. Bf4 Bd6 15. Ne4 Nxc4 16. Bxd6 Nxd6 17. Nxd6+ Ke7 18. Rxf7+ Kd8 19. Qg5# 1-0

[Event "Quebec Montcalm op 5th"]
[Site "Quebec"]
[Date "2003.03.20"]
[Round "5"]
[White "Dion, Jean Francois"]
[Black "Servant, Michel"]
[Result "1-0"]
[WhiteElo "1741"]
[BlackElo "1633"]
[PlyCount "135"]
[EventDate "2003.02.??"]
[EventType "swiss"]
[EventRounds "5"]
[EventCountry "CAN"]
[SourceTitle "EXT 2006"]
[Source "ChessBase"]
[SourceDate "2005.11.24"]
[SourceVersion "1"]
[SourceVersionDate "2005.11.24"]
[SourceQuality "1"]

1. d4 Nf6 2. Nf3 e6 3. Bf4 b6 4. e3 Bb7 5. Nbd2 Be7 6. h3 0-0 7. c3 d5 8. Bd3 c5 9. a4 Nbd7 10. 0-0 Rc8 11. a5 Ne4 12. Qc2 f5 13. Ne5 cxd4 14. exd4 g5 15. Bh2 Ndf6 16. a6 Ba8 17. Nxe4 dxe4 18. Bc4 Nd5 19. Qe2 Bf6 20. Bb3 Re8 21. Qh5 Qe7 22. Rfe1 Qg7 23. Nc4 Red8 24. Nd6 Rc6 25. Ne8 Qf7 26. Nxf6+ Qxf6 27. Be5 Qg6 28. Qxg6+ hxg6 29. Bxd5 exd5 30. Kh2 Re8 31. Kg3 Kf7 32. f3 Rce6 33. Rh1 Bc6 34. h4 gxh4+ 35. Rxh4 R6e7 36. Rah1 Bb5 37. Rh7+ Ke6 38. R7h6 Rg8 39. Ra1 e3 40. f4 e2 41. Kf2 Kd7 42. Re1 Kc6 43. b3 Bxa6 44. g4 fxg4 45. Rg1 Bd3 46. Rxg4 a5 47. Rg3 Ba6 48. f5 Rf7 49. Rgxg6+ Rxg6 50. Rxg6+ Kb7 51. Rg7 Rxg7 52. Bxg7 Bb5 53. f6 Be8 54. Kxe2 Kc6 55. Kd3 b5 56. c4 bxc4+ 57. bxc4 dxc4+ 58. Kxc4 a4 59. d5+ Kd6 60. Kd4 a3 61. Bf8+ Kd7 62. Bxa3 Bf7 63. Ke5 Bg8 64. Be7 Bf7 65. d6 Bg8 66. Kf5 Bf7 67. Kg5 Ke6 68. Kh6 1-0

[Event "Quebec Montcalm op"]
[Site "Quebec"]
[Date "2002.03.03"]
[Round "5"]
[White "Bourassa, Andre"]
[Black "Servant, Michel"]
[Result "1-0"]
[WhiteElo "1632"]
[BlackElo "1645"]
[PlyCount "99"]
[EventDate "2002.03.01"]
[EventType "swiss"]
[EventRounds "5"]
[EventCountry "CAN"]
[SourceTitle "EXT 2022"]
[Source "ChessBase"]
[SourceDate "2021.10.06"]
[SourceVersion "1"]
[SourceVersionDate "2021.10.06"]
[SourceQuality "1"]

1. d4 Nf6 2. c4 g6 3. Nc3 Bg7 4. e4 d6 5. f3 0-0 6. Be3 Nc6 7. Qd2 e5 8. d5 Ne7 9. Bd3 Nd7 10. Bh6 Nc5 11. Bc2 a5 12. Na4 b6 13. Bxg7 Kxg7 14. Nxc5 bxc5 15. Ne2 f5 16. Nc3 Bd7 17. 0-0 f4 18. a4 g5 19. g4 Rf6 20. Na2 Rh6 21. Nc1 c6 22. Nd3 Ng8 23. Rad1 cxd5 24. exd5 Rb8 25. Rde1 Nf6 26. Qc3 Qc7 27. Nxe5 dxe5 28. Rxe5 Kf7 29. Rxg5 Re8 30. Re1 Rxe1+ 31. Qxe1 Qd6 32. Bf5 Bxf5 33. Rxf5 Qb6 34. Qe5 Qd8 35. g5 Rg6 36. Kf2 Qb6 37. d6 Qd8 38. Rxf4 Kg7 39. gxf6+ Rxf6 40. Qxf6+ Qxf6 41. Rxf6 Kxf6 42. Ke3 Ke6 43. Ke4 Kxd6 44. Kf5 h6 45. Kf6 h5 46. h4 Kd7 47. Kf7 Kd6 48. f4 Kd7 49. f5 Kd6 50. Kg6 1-0